000 00541nam a2200157Ia 4500
008 151213s9999 xx 000 0 und d
020 _a9844641690
100 _aআবু তাহের মজুমদার
245 _aবৈধ বিলাস
_cআবু তাহের মজুমদার
260 _aঢাকা
_bঋঅঙ্কুর প্রকাশনী
_c2007
300 _a6522 p.
650 _aBangla
650 _aউপন্যাস
700 _aআবু তাহের মজুমদার
999 _c3611
_d3611